Invest like a pro : using derivatives to support investment strategies without the rocket science

Bibliographic Details
Main Author: Stephens,John J
Format: Book
Language:English
Published: Boston : Prentice Hall , 2002
Subjects:

MARC

LEADER 00000cam a2200000 7i4500
001 0000019572
005 20090611.0
008 090605s -usa eng
020 |a 0273656791 ,   |c RM227.50 
040 |a INS 
090 0 0 |a HG4521   |b S84 2002 
100 1 |a Stephens,John J 
245 1 0 |a Invest like a pro :   |b using derivatives to support investment strategies without the rocket science   |c John J.Stephens 
260 |a Boston :   |b Prentice Hall ,   |c 2002 
300 |a xiii, 188p. :   |b ill. ;   |c 23cm. 
500 |a Includes index 
650 0 |a Investments 
650 0 |a Investments analysis 
650 0 |a Securities 
999 |a 0000021041   |b BOOK   |c Open Shelf   |e Default branch